Mannschaften nach Bundesliga-Platzierungen 2011 – 2020 - Statistiken

Allgemein
  • Dieses Quiz wurde 1.631 mal gespielt
    904 seit der letzten Aktualisierung
  • Das Durchschnittsergebnis liegt bei 12 aus 28
Antwortstatistiken
Mannschaft % Korrekt
Borussia Dortmund
100%
FC Bayern München
95%
Bayer 04 Leverkusen
83%
RB Leipzig
54%
Hamburger SV
51%
Hannover 96
47%
FC Schalke 04
46%
1. FSV Mainz 05
44%
Borussia Mönchengladbach
43%
1. FC Union Berlin
42%
VfB Stuttgart
42%
VfL Wolfsburg
42%
FC Augsburg
41%
TSG 1899 Hoffenheim
41%
1. FC Köln
39%
SC Freiburg
39%
1. FC Nürnberg
38%
SV Werder Bremen
38%
Eintracht Frankfurt
36%
SC Paderborn 07
35%
1. FC Kaiserslautern
34%
SV Darmstadt 98
33%
SpVgg Greuther Fürth
32%
FC Ingolstadt 04
30%
Hertha BSC
29%
FC St. Pauli
27%
Fortuna Düsseldorf
27%
Eintracht Braunschweig
25%
Keine übereinstimmenden Quizze gefunden
Verteilung der Resultate
Anzahl Personen mit jedem Resultat
Perzentil nach korrekt beantworteten Fragen
Ihre Resultats-Entwicklung
Sie haben dieses Quiz seit der letzten Aktualisierung nicht gespielt